000 00585nam a2200217Ia 4500
003 OSt
005 20220928133253.0
006 a|||||r|||| 00| 0
007 ta
008 220927b |||||||| |||| 00| 0 eng d
024 _a46847
037 _cTextual
040 _aSDCL
_cSDCL
_beng
041 _2eng
_aeng
082 _aV3:19'M4, J1.1-.2
100 _aWebster Charles
_9427727
245 0 _aForeign policy of palmerston,1830-1841
260 _aLondon
_bG Bell
_c1951
942 _hV3:19'M4, J1.1-.2
_cTEXL
_2CC
999 _c798689
_d798689